00402nam a2200169Ia 4500003000400000005001700004008004100021020001400062040000700076041000800083082002200091100002000113245002800133260004500161300001300206365001300219OSt20230506125629.0210423s2005 xx 000 0 und d a195674014 cAL aeng a541.28 223bBROJ aBROWN (John M). aMolecular spectroscopy. aNew DelhibOxford University Pressc2005 a89,1bPB b125cINR